| 000 | 01128nam0a22002531 4500 | ||
|---|---|---|---|
| 001 | RU\INFOCOMM_322\NLR\5000100249 | ||
| 005 | 20250613104840.0 | ||
| 035 | _a(NLR Aleph) 009514981 | ||
| 090 |
_a8790504 _c8790504 |
||
| 100 | _a20121211d1933 |||y0rusy50 ca | ||
| 101 | 1 |
_ager _crus |
|
| 102 | _aRU | ||
| 105 | _ay z ||||| | ||
| 200 | 1 |
_a... Mutter- und Kinderfürsorge in der Sowjetunion _fEsther Conus, Oberarzt der Beratungs- und Fürsorgestelle des Instituts _gAus dem Rus. übersetzt von P. A. Althausen _gVolkskommissariat für das Gesundheitswesen der RSFSR. Staatsinstitut für wissenschaftliche Forschungen über Mutter- u. Säuglingsfürsorge |
|
| 210 |
_aMoskau _aLeningrad _cMedizinischer Staatsverlag _d1933 _eМосква _g16 тип. треста "Полиграфкнига" |
||
| 215 |
_aОбл., 123 с., 1 вкл. л. портр. _cил., портр. _d22×15 см |
||
| 620 | _aМосква | ||
| 700 | 1 |
_9z01790 _aKonjus _bE. M. _gEsfir' Mironovna |
|
| 790 | 1 |
_9z01700 _aConus _bE. _gEsther _4070 |
|
| 801 | 1 |
_aRU _bNLR _c20121211 |
|
| 801 | 0 |
_aRU _bINFOCOMM _gPSBO |
|
| 852 |
_aNLR _jD4/30 |
||
| 942 | _cBOOK | ||
| 980 | _aNB | ||